| 000 | 03591cam a22005534i 4500 | ||
|---|---|---|---|
| 003 | PE-LiUPU | ||
| 005 | 20250731184537.0 | ||
| 008 | 180313s2013 is a rb 001 0 eng d | ||
| 020 | _a9652208434 | ||
| 020 | _a9789652208439 | ||
| 035 | _a(Sirsi) a241558 | ||
| 040 |
_aPE-LiUPU _bspa _cPE-LiUPU _erda |
||
| 049 | _aPRUA | ||
| 082 | 0 | 4 |
_a956.9401 _bB7 _223 |
| 245 | 0 | 0 |
_aBound for exile : _bIsraelites and Judeans under imperial yoke : documents from Assyria and Babylonia / _ctranslated and annotated by Mordechai Cogan. |
| 264 | 1 |
_aJerusalem : _bCarta, _c2013. |
|
| 300 |
_avii, 177 páginas : _bilustraciones ; _c25 centímetros. |
||
| 336 |
_atext _2rdacontent |
||
| 337 |
_aunmediated _2rdamedia |
||
| 338 |
_avolume _2rdacarrier |
||
| 490 | 0 | _aCarta handbook | |
| 504 | _aBibliografía al final de cada capítulo. | ||
| 504 | _aÍndice: páginas 165-177. | ||
| 505 | 0 | _aIntroduction -- Chapter 1: The Assyrian provinces of Magiddu and Samerina -- Bulla with Royal Assyrian Seal from Samerina -- Judicial order from Samaria -- Record of sale from tel Hadid -- Record of debt from tel Hadid -- Record of Land sale from Gezer -- Letter concerning events in Transjordan -- Chapter 2: Israelites in Assyrian exile -- Individual israelites identified by name -- The Chariot Troops form Samaria -- Samarians working at Dur-Sharrukin -- Digging a Canal -- Samarians Pay Corn Tax -- Redemption of an Israelite -- Chapter 3: Treaties and Oaths in the Assyrian Empire -- Esarhaddon´s treaty for the succesion of Ashurbanipal -- Esarhaddon´s treaty with Baal of Tyre -- Ashurbanipal´s treaty with the tribe of Kedar -- Chapter 4: The kingdom of Judah as an Assyrian Vassal -- Report of tribute payment form Judah -- A call to surrender -- Receipts and sealings of tribute payments and gifts -- Payment from Judah -- Payment form Ekron -- Payments from Western Vassals -- Debt owed a Judean in nineveh -- Chapter 5: Judeans in Assyrian exile -- Judean captives depicted in Sennacherib´s "Palace without rival" -- Judean laborers -- Judean soldiers -- Judean musicians -- Individual judeans identified by name -- Judean sale of a Slave -- Purchase of a woman in Gozan -- Record of Land sale in Dur-Katlimmu -- Chapter 6: Judeans in Babylonian exile -- Jehoiachin, king of Judah, in Babylon -- Individual Judeans in Babylonia identified by name -- A Judean Tax-collector -- Record of sale from al Yahudu, city of Judah -- Record of inheritance division from al Yahudu, city of Judah -- Forbidden assignations -- Appendix: Spoils the kingdom of Israel -- Glossary -- Chronological tables -- Indices. | |
| 526 | _aP136 | ||
| 526 | _aP135 | ||
| 526 | _aP134 | ||
| 526 | _aP133 | ||
| 526 | _aP144 | ||
| 526 | _aP143 | ||
| 526 | _aP87 | ||
| 526 | _aP35 | ||
| 526 | _aP20 | ||
| 526 | _aP14 | ||
| 526 | _aP10 | ||
| 526 | _aP06 | ||
| 650 | 0 | 4 |
_aJudíos _xJews. |
| 650 | 0 | 4 |
_aMedio este _zMiddle East. |
| 700 | 1 |
_aCogan, Mordechai, _eeditor. |
|
| 910 |
_adbm _bwmm _cwmm _d20180313 |
||
| 910 |
_ajpc _bjpc _cjpc _d20190711 |
||
| 942 |
_2ddc _cBOOK |
||
| 994 |
_aC0 _bPEPRU |
||
| 596 | _a1 | ||
| 999 |
_a956.9401 B7 _wDEWEY _c27169 _i78375 _d27169 _f2021-11-12 _g4 _lCCODEBUL1 _mBUL _p50.00 _q1 _r0 _sY _tBOOK _u2018-3-13 _xTEOLOGIA _PP35 _0COMPRA _o.STAFF. Colección Teología |
||
| 999 |
_a956.9401 B7 _wDEWEY _c2 _i80237 _f2021-11-12 _g3 _lCCODEBUL1 _mBUL _p55.00 _r0 _sY _tBOOK _u2019-7-11 _xTEOLOGIA _PP35 _0COMPRA _o.STAFF. Colección Teología |
||
| 980 |
_81 _gALBERTO SANCHEZ Responsable de Automatización |
||